000 00973nam a2200253Ia 4500
003 OSt
005 20220923212627.0
006 a|||||r|||| 00| 0
007 ta
008 220922b |||||||| |||| 00| 0 hin d
024 _a154,660
037 _cTextual
040 _aARTS
_cARTS
_bhin
041 _2hin
_ahin
082 _aO1520m33,2:g, M9
100 _aहेब्बल्ली, व्ही0 व्ही0
_9162662
245 0 _aहिन्दी और कन्नड़ के नाटको का तुलनात्मक अध्ययन
246 _aHindī aur kannaड़ ke nāṭako kā tulanātmak adhyayana
260 _aकानपुर
_b साहित्य रत्नालय
_c1989
300 _a518 पृ.
_ccm.
650 _aहिन्दी साहित्य
_9156264
942 _hO1520m33,2:g, M9
_cTEXL
_2CC
999 _c310282
_d310282